Entre el temor al populismo y el entusiasmo autonomista: la reconfiguración de la ciudadanía en América Latina /

Dos tendencias caracterizan la actualidad latinoamericana: el temor al populismo y el entusiasmo por los movimientos autonomistas que defienden reivindicaciones particularistas. Esto define un contexto posliberal y posneoliberal. Aunque muy difundidas, ambas tendencias tienen como origen común una c...

Mô tả đầy đủ

Đã lưu trong:
Chi tiết về thư mục
Tác giả chính: Pelfini, Alejandro
Định dạng: Texto
Những chủ đề:
Các nhãn: Thêm thẻ
Không có thẻ, Là người đầu tiên thẻ bản ghi này!

MARC

LEADER 00000 a a2200000 04500
001 10893
003
040
100 |a Pelfini, Alejandro  
245 |a Entre el temor al populismo y el entusiasmo autonomista:   |b la reconfiguración de la ciudadanía en América Latina /  |c Alejandro Pelfini 
520 |a Dos tendencias caracterizan la actualidad latinoamericana: el temor al populismo y el entusiasmo por los movimientos autonomistas que defienden reivindicaciones particularistas. Esto define un contexto posliberal y posneoliberal. Aunque muy difundidas, ambas tendencias tienen como origen común una concepción limitada de la ciudadanía: en primer caso es percibida exclusivamente en función de los derechos políticos y el formalismo democrático mientras que el segundo la concibe solo en su dimensión cultural. El articulo argumenta que, para que sea un instrumento eficaz de progreso social, la ciudadanía no debe ser vista de manera reduccionista, sino repensada - y valorada- en todas sus dimensiones  
650 |a CIUDADANIA  
650 |a NACION  
650 |a ESTADO  
650 |a AUTONOMIA  
650 |a MOVIMIENTOS SOCIALES  
650 |a POLITICA  
650 |a CULTURA  
650 |a PLURALISMO CULTURAL  
650 |a AMERICA LATINA  
773 |g número 212; páginas 22-34  
999 |c 27692  |d 27692